| 000 | 00408nam a2200169Ia 4500 | ||
|---|---|---|---|
| 001 | 8471 | ||
| 003 | IN-NITTTR | ||
| 005 | 20251114233038.0 | ||
| 008 | 251113s9999||||xx |||||||||||||| ||eng|| | ||
| 040 | _beng | ||
| 040 | _cIN-NITTTR | ||
| 041 | _aeng | ||
| 082 | _a371.90954 S92T | ||
| 100 | _aShukla, P. D. | ||
| 245 | 0 |
_aTowards the new pattern of education in India. / _cShukla, P. D. |
|
| 942 |
_2ddc _cBK |
||
| 999 |
_c11109 _d11109 |
||